[Event "3.Città di Padova Op.B, Elo<1900"]
[Site "Padova Ex Fornace Carotta"]
[Date "2000.12.10"]
[Round "5.5"]
[White "Negro, Raffaele"]
[Black "Viola, Matteo"]
[Result "0-1"]
[WhiteElo "1651"]
[BlackElo "1898"]
[Annotator "Gabriele Ballarin"]
[PlyCount "134"]
[EventDate "2000.12.02"]
[EventType "swiss"]
[EventRounds "6"]
[EventCountry "ITA"]

1. Nf3 f5 2. g3 Nf6 3. Bg2 g6 4. d3 d6 5. O-O Bg7 6. Nbd2 e5 7. e4 f4 8. Nb3 Nh5 9. d4 exd4 10. Nbxd4 O-O 11. c3 Bg4 12. Qb3+ Kh8 13. Ne6 Bxe6 14. Qxe6 Nc6 15. Qd5 Rb8 16. Bd2 Qe7 17. Rae1 Ne5 18. Nxe5 dxe5 19. Rd1 c6 20. Qc4 g5 21. g4 Nf6 22. f3 h5 23. h3 Rbd8 24. Bc1 Rd7 25. Qb3 Rfd8 26. Rxd7 Rxd7 27. Rd1 Qc5+ 28. Kh1 Qf2 29. Rxd7 Qe1+ 30. Kh2 Nxd7 31. Qc2 hxg4 32. hxg4 Nf6 33. Qd2 Nxg4+ 34. fxg4 Qg3+ 35. Kg1 Bf8 36. Qd8 Qe1+ 37. Kh2 Qh4+ 38. Kg1 Kg8 39. Kf1 Qxg4 40. Qd3 Qh5 41. b4 g4 42. Kf2 Qh2 43. Kf1 Bg7 44. c4 f3 45. Qd2 Bh6 46. Qd8+ Kh7 47. Qd7+ Bg7 48. Qf5+ Kg8 49. Qe6+ Kh8 50. Qxg4 fxg2+ 51. Qxg2 Qh5 52. Kg1 Qd1+ 53. Qf1 Qd4+ 54. Kh2 Qxe4 55. Qh3+ Qh7 56. Qxh7+ Kxh7 57. Kg3 Kg6 58. Kf3 Kf5 59. Be3 a6 60. a4 e4+ 61. Ke2 Bc3 62. Bd2 Bxd2 63. Kxd2 Kf4 64. Ke2 e3 65. a5 Ke4 66. Kd1 Kd3 67. Ke1 e2 0-1

[Event "3.Città di Padova Op.B, Elo<1900"]
[Site "Padova Ex Fornace Carotta"]
[Date "2000.12.10"]
[Round "5.6"]
[White "Favero, Graziano"]
[Black "Guclu, Yaman"]
[Result "0-1"]
[WhiteElo "1621"]
[BlackElo "1795"]
[Annotator "Gabriele Ballarin"]
[PlyCount "58"]
[EventDate "2000.12.02"]
[EventType "swiss"]
[EventRounds "6"]
[EventCountry "ITA"]

1. e4 g6 2. d4 d6 3. Nc3 c6 4. Be2 b5 5. a3 Bg7 6. Be3 Nf6 7. Nf3 O-O 8. h3 Qc7 9. Qd2 Rd8 10. Bh6 Nbd7 11. Bxg7 Kxg7 12. d5 Nc5 13. dxc6 Ncxe4 14. Nxe4 Nxe4 15. Qd4+ Nf6 16. Bxb5 Rb8 17. a4 a6 18. c4 e5 19. Qh4 Qa5+ 20. Nd2 axb5 21. cxb5 Rxb5 22. Qc4 Rc5 23. Qh4 e4 24. Ke2 Rc2 25. Rad1 Ba6+ 26. Ke3 Qc5+ 27. Kf4 Nh5+ 28. Kxe4 Qe5+ 29. Kf3 Be2# 0-1

[Event "3.Città di Padova Op.B, Elo<1900"]
[Site "Padova Ex Fornace Carotta"]
[Date "2000.12.10"]
[Round "5.7"]
[White "Di Giacomo, Antonio"]
[Black "Zotti, Enrico"]
[Result "0-1"]
[WhiteElo "1633"]
[BlackElo "1734"]
[Annotator "Gabriele Ballarin"]
[PlyCount "84"]
[EventDate "2000.12.02"]
[EventType "swiss"]
[EventRounds "6"]
[EventCountry "ITA"]

{[%evp 0,68,32,29,30,-28,43,32,26,40,34,2,8,-7,28,7,15,21,59,50,59,52,74,39,33,33,85,25,69,90,103,42,37,45,54,54,73,31,21,-9,-25,-25,-25,-9,12,5,37,50,56,-32,-36,-52,-59,-75,-65,-104,-86,-66,10,-3,-3,0,7,0,0,25,24,-30,-29,-34,-34]} 1. d4 Nf6 2. c4 g6 3. Nf3 Bg7 4. Nc3 O-O 5. e3 d6 6. Bd3 Nc6 7. O-O e5 8. d5 Ne7 9. e4 h6 10. Rb1 Ne8 11. b4 f5 12. Nd2 f4 13. Be2 Nf6 14. c5 g5 15. g4 Ng6 16. Nc4 a6 17. f3 h5 18. h3 Kf7 19. Kf2 hxg4 20. hxg4 Rh8 21. Rh1 Nh4 22. Ba3 Ne8 23. Qb3 Bd7 24. c6 bxc6 25. dxc6 Be6 26. Nd5 Nf6 27. Nd2 Qb8 28. Bc4 Qa7+ 29. Ke2 Bxd5 30. Bxd5+ Nxd5 31. Qxd5+ Ke7 32. Nc4 Qd4 33. Qxd4 exd4 34. Bb2 Ke6 35. Rbd1 d5 36. exd5+ Kxd5 37. Kd3 Nxf3 38. Rxh8 Rxh8 39. Nb6+ cxb6 40. c7 Ne5+ 41. Kd2 Rc8 42. Rc1 Nc4+ 0-1

[Event "3.Città di Padova Op.B, Elo<1900"]
[Site "Padova Ex Fornace Carotta"]
[Date "2000.12.10"]
[Round "5.8"]
[White "Morganti, Lionello"]
[Black "Busi, Massimo"]
[Result "1/2-1/2"]
[WhiteElo "1726"]
[BlackElo "1672"]
[Annotator "Gabriele Ballarin"]
[PlyCount "23"]
[EventDate "2000.12.02"]
[EventType "swiss"]
[EventRounds "6"]
[EventCountry "ITA"]

1. e4 e5 2. Nf3 Nf6 3. Nxe5 Qe7 4. d4 Nxe4 5. Bd3 d6 6. Bxe4 dxe5 7. dxe5 f5 8. Bd3 Qxe5+ 9. Qe2 Qxe2+ 10. Bxe2 Bd6 11. O-O Bd7 12. Re1 1/2-1/2

[Event "3.Città di Padova Op.B, Elo<1900"]
[Site "Padova Ex Fornace Carotta"]
[Date "2000.12.10"]
[Round "5.9"]
[White "Ravagnani, Tiziano"]
[Black "Gobbato, Paolo"]
[Result "1-0"]
[WhiteElo "1833"]
[BlackElo "1600"]
[Annotator "Gabriele Ballarin"]
[PlyCount "88"]
[EventDate "2000.12.02"]
[EventType "swiss"]
[EventRounds "6"]
[EventCountry "ITA"]

1. e4 c5 2. Nf3 e6 3. d4 cxd4 4. Nxd4 a6 5. c4 Nf6 6. Nc3 Qc7 7. Bd3 Bb4 8. O-O O-O 9. Bg5 Ne8 10. Rc1 d6 11. Qh5 h6 12. Be3 Nf6 13. Qf3 Nbd7 14. Qg3 Kh8 15. a3 Bc5 16. b4 Bxd4 17. Bxd4 e5 18. Be3 b6 19. Qh4 Rg8 20. Nd5 Qd8 21. Bxh6 gxh6 22. Qxh6+ Nh7 23. Qxd6 Rg6 24. Qe7 Qg8 25. g3 f6 26. c5 Rg7 27. Qd6 bxc5 28. Bc4 Bb7 29. Nc7 Qf8 30. Qxf8+ Rxf8 31. Ne6 Rfg8 32. Nxg7 Rxg7 33. Bd5 Bxd5 34. exd5 cxb4 35. axb4 Nb6 36. d6 Ra7 37. Rc7 Ra8 38. Rb7 Nd5 39. d7 Nf8 40. Rd1 Rd8 41. Rxd5 Kg7 42. Rc5 Nxd7 43. Rcc7 Kg6 44. Rxd7 Ra8 1-0

[Event "3.Città di Padova Op.B, Elo<1900"]
[Site "Padova Ex Fornace Carotta"]
[Date "2000.12.10"]
[Round "5.10"]
[White "Tomio, Dante"]
[Black "Carini, Massimo"]
[Result "0-1"]
[WhiteElo "1635"]
[BlackElo "1881"]
[Annotator "Gabriele Ballarin"]
[PlyCount "74"]
[EventDate "2000.12.02"]
[EventType "swiss"]
[EventRounds "6"]
[EventCountry "ITA"]

1. d4 d5 2. e3 c6 3. Bd3 Nd7 4. f4 e6 5. Nf3 f5 6. Nbd2 Bd6 7. Qe2 Ngf6 8. c3 Ne4 9. Bc2 Ndf6 10. Nxe4 Nxe4 11. Rg1 Bd7 12. h3 Qe7 13. g4 O-O-O 14. g5 g6 15. Bd2 Kb8 16. b4 h6 17. gxh6 Rxh6 18. Bxe4 dxe4 19. Ng5 Qe8 20. Rg3 Be7 21. Qg2 Bxg5 22. Rxg5 Qf7 23. O-O-O e5 24. Kb1 exf4 25. exf4 Be8 26. Qf1 Qd5 27. Be3 Bf7 28. Rd2 a5 29. Rc2 axb4 30. cxb4 Kc7 31. Rg3 Ra8 32. Qe2 Ra4 33. Qd2 Qb5 34. Rb2 Rh8 35. d5 Rd8 36. Bc5 Rxd5 37. Qc3 Rd1+ 0-1

[Event "3.Città di Padova Op.B, Elo<1900"]
[Site "Padova Ex Fornace Carotta"]
[Date "2000.12.10"]
[Round "5.11"]
[White "Giancotti, Eraldo"]
[Black "Spessato, Gianluca"]
[Result "1-0"]
[WhiteElo "1790"]
[BlackElo "1642"]
[Annotator "Gabriele Ballarin"]
[PlyCount "58"]
[EventDate "2000.12.02"]
[EventType "swiss"]
[EventRounds "6"]
[EventCountry "ITA"]

1. d4 f5 2. h3 Nf6 3. g4 fxg4 4. hxg4 Nxg4 5. e4 d6 6. Nc3 e5 7. f3 Nf6 8. Bg5 Be7 9. Be3 Be6 10. Nge2 Nbd7 11. Qd2 a6 12. d5 Bf7 13. Ng3 Bg6 14. Bh3 h6 15. Bf5 Bxf5 16. Nxf5 Rg8 17. Rg1 Bf8 18. Qg2 g5 19. Qh3 Rg6 20. O-O-O Nb6 21. f4 exf4 22. Bxf4 Qd7 23. Qd3 Rg8 24. e5 dxe5 25. Bxe5 Qf7 26. Rgf1 Qg6 27. Bxc7 Nbd7 28. Rde1+ Kf7 29. Qc4 Qh7 1-0

[Event "3.Città di Padova Op.B, Elo<1900"]
[Site "Padova Ex Fornace Carotta"]
[Date "2000.12.10"]
[Round "5.12"]
[White "De Napoli, Giuseppe"]
[Black "Roberti, Ignazio"]
[Result "1-0"]
[WhiteElo "1723"]
[BlackElo "1760"]
[Annotator "Gabriele Ballarin"]
[PlyCount "105"]
[EventDate "2000.12.02"]
[EventType "swiss"]
[EventRounds "6"]
[EventCountry "ITA"]

1. d4 e6 2. Nf3 Nf6 3. e3 b6 4. Bd3 Bb7 5. Nbd2 Be7 6. O-O O-O 7. Qe2 d5 8. Ne5 Nbd7 9. f4 c5 10. c3 Ne4 11. Qh5 Ndf6 12. Qf3 Rc8 13. g4 Nxd2 14. Bxd2 Ne4 15. Qe2 f5 16. g5 Bd6 17. Bxe4 dxe4 18. h4 cxd4 19. exd4 Bxe5 20. fxe5 Qd5 21. Bf4 Ba6 22. Qxa6 b5 23. Qd6 Qc4 24. b3 Qe2 25. Qxe6+ Kh8 26. Qe7 Qg4+ 27. Kh1 Qxh4+ 28. Bh2 e3 29. Rf4 Qh3 30. g6 e2 31. Qh4 Qxh4 32. Rxh4 h6 33. Rc1 Rxc3 34. Re1 Rc2 35. Kg2 Rxa2 36. Kf2 Rb2 37. Rh3 Rd8 38. Rd3 a5 39. Rxe2 Rxe2+ 40. Kxe2 Kg8 41. e6 Kf8 42. Be5 Ke7 43. d5 a4 44. bxa4 bxa4 45. Bb2 h5 46. Kf3 h4 47. Kf4 h3 48. Ke5 Rh8 49. d6+ Kd8 50. Rc3 a3 51. e7+ Kd7 52. Rc7+ Ke8 53. Ke6 1-0

[Event "3.Città di Padova Op.B, Elo<1900"]
[Site "Padova Ex Fornace Carotta"]
[Date "2000.12.10"]
[Round "5.13"]
[White "Sinato, Fabrizio"]
[Black "Carlassara, Renato"]
[Result "1-0"]
[WhiteElo "1749"]
[BlackElo "1636"]
[Annotator "Gabriele Ballarin"]
[PlyCount "57"]
[EventDate "2000.12.02"]
[EventType "swiss"]
[EventRounds "6"]
[EventCountry "ITA"]

1. e4 e5 2. Nf3 Nc6 3. Bb5 a6 4. Ba4 Nf6 5. O-O Be7 6. Re1 b5 7. Bb3 O-O 8. h3 d5 9. exd5 Nxd5 10. Nxe5 Nxe5 11. Rxe5 Nf4 12. Qf3 Bd6 13. Qxf4 Bxe5 14. Qxe5 Re8 15. Qd5 Qe7 16. Qf3 Bb7 17. Qxb7 Qe1+ 18. Kh2 Qxc1 19. a4 Qxb2 20. Ra2 Qxb1 21. axb5 Qf1 22. bxa6 Qxf2 23. Qxc7 Rac8 24. Qg3 Qxd2 25. Ra4 Rc3 26. Re4 Re3 27. Qxe3 Qxe3 28. Rxe3 Rxe3 29. a7 1-0

[Event "3.Città di Padova Op.B, Elo<1900"]
[Site "Padova Ex Fornace Carotta"]
[Date "2000.12.10"]
[Round "5.14"]
[White "Busà, Michele"]
[Black "Opacic, Alexandar"]
[Result "0-1"]
[WhiteElo "1600"]
[BlackElo "1837"]
[Annotator "Gabriele Ballarin"]
[PlyCount "71"]
[EventDate "2000.12.02"]
[EventType "swiss"]
[EventRounds "6"]
[EventCountry "ITA"]

1. Nf3 d5 2. g3 Nf6 3. d4 c6 4. Bg2 e6 5. O-O Nbd7 6. Nbd2 Bd6 7. Re1 O-O 8. c3 Ne4 9. Qc2 f5 10. Nxe4 fxe4 11. Ng5 Qf6 12. f3 h6 13. Nh3 e5 14. fxe4 exd4 15. exd5 dxc3 16. Qxc3 Ne5 17. Rf1 Qe7 18. Rxf8+ Qxf8 19. Bf4 Bc5+ 20. Kh1 Ng6 21. Rf1 Qe7 22. Qd3 Nf8 23. dxc6 bxc6 24. Nf2 Be6 25. Bxc6 Rd8 26. Qe4 Rd4 27. Qc2 Rc4 28. Qd3 Bxf2 29. Rxf2 Rxc6 30. Qe4 Qd7 31. Qb4 Ng6 32. Bd2 Bh3 33. Qb3+ Kh7 34. Bc3 Rd6 35. Be1 Qc6+ 36. Qf3 0-1

[Event "3.Città di Padova Op.B, Elo<1900"]
[Site "Padova Ex Fornace Carotta"]
[Date "2000.12.10"]
[Round "5.15"]
[White "Zanirato, Stefano"]
[Black "Pomaro, Stefano"]
[Result "1/2-1/2"]
[WhiteElo "1683"]
[BlackElo "1563"]
[Annotator "Gabriele Ballarin"]
[PlyCount "108"]
[EventDate "2000.12.02"]
[EventType "swiss"]
[EventRounds "6"]
[EventCountry "ITA"]

1. Nf3 d5 2. d3 Nf6 3. c3 Bg4 4. Nbd2 Nc6 5. Qc2 e5 6. e4 Bd6 7. Be2 O-O 8. O-O Re8 9. h3 Bd7 10. exd5 Nxd5 11. Ne4 Bf8 12. Qb3 Nb6 13. Nfg5 Qe7 14. Be3 Na5 15. Qd1 h6 16. Bc5 Qd8 17. Nf3 f5 18. Bxb6 axb6 19. Ng3 c5 20. Nd2 Qc7 21. Bh5 Red8 22. Qf3 Qc8 23. Qd5+ Be6 24. Qxe5 Rxd3 25. Qe2 Qd7 26. Rfd1 Rd8 27. Nb3 Rxd1+ 28. Rxd1 Qxd1+ 29. Qxd1 Rxd1+ 30. Bxd1 Nc4 31. Bc2 g6 32. Ne2 Nxb2 33. Nf4 Bf7 34. h4 Bd6 35. Nh3 Be5 36. h5 Bxc3 37. hxg6 Bxg6 38. Nf4 Kg7 39. g4 Be5 40. Nxg6 Kxg6 41. Bxf5+ Kf6 42. Bc8 c4 43. Na1 Na4 44. Nc2 Nc5 45. Kf1 b5 46. Ke2 b6 47. Bf5 Bc3 48. Ne3 Ke5 49. f4+ Kd6 50. Bc2 Ke6 51. Nf5 b4 52. Nxh6 b3 53. axb3 Nxb3 54. Kd1 Nd4 1/2-1/2

[Event "3.Città di Padova Op.B, Elo<1900"]
[Site "Padova Ex Fornace Carotta"]
[Date "2000.12.10"]
[Round "5.16"]
[White "Zangrando, Gianpietro"]
[Black "Morelli, Umberto"]
[Result "1-0"]
[WhiteElo "1662"]
[BlackElo "1507"]
[Annotator "Gabriele Ballarin"]
[PlyCount "69"]
[EventDate "2000.12.02"]
[EventType "swiss"]
[EventRounds "6"]
[EventCountry "ITA"]

1. c4 c5 2. Nc3 Nc6 3. g3 e6 4. Bg2 f5 5. e3 Nf6 6. Nge2 g6 7. d4 cxd4 8. Nxd4 Nxd4 9. exd4 Bg7 10. O-O O-O 11. Nb5 d6 12. Bf4 Ne8 13. Qd2 a6 14. Nc3 Qb6 15. Rad1 Bd7 16. Rfe1 Rf7 17. Be3 Qc7 18. b3 Rc8 19. Ne2 e5 20. Bd5 Nf6 21. Bxf7+ Kxf7 22. Nc3 Qc6 23. dxe5 dxe5 24. Bh6 f4 25. Bxg7 Bh3 26. Nd5 Kxg7 27. Rxe5 fxg3 28. hxg3 Rf8 29. Re7+ Rf7 30. Rde1 Nxd5 31. Qxd5 Qf6 32. Rxf7+ Qxf7 33. Qd4+ Kg8 34. Qd8+ Qf8 35. Re8 1-0

[Event "3.Città di Padova Op.B, Elo<1900"]
[Site "Padova Ex Fornace Carotta"]
[Date "2000.12.10"]
[Round "5.17"]
[White "De Nard, Stefano"]
[Black "Troise, Salvatore"]
[Result "1-0"]
[WhiteElo "1518"]
[BlackElo "1648"]
[Annotator "Gabriele Ballarin"]
[PlyCount "115"]
[EventDate "2000.12.02"]
[EventType "swiss"]
[EventRounds "6"]
[EventCountry "ITA"]

1. e4 c5 2. Nc3 Nc6 3. f4 d6 4. Nf3 Nf6 5. Bc4 Na5 6. Bb5+ Bd7 7. Bxd7+ Nxd7 8. O-O g6 9. Qe1 Bg7 10. d3 Nc6 11. Kh1 a6 12. Nd5 e6 13. Ne3 b5 14. Qg3 Nd4 15. Rf2 f5 16. exf5 exf5 17. Nxd4 Bxd4 18. Re2 Kf7 19. c3 Bf6 20. Bd2 Nb6 21. b3 Ra7 22. Qf3 d5 23. Rae1 Re7 24. c4 dxc4 25. dxc4 b4 26. Rd1 Bd4 27. Be1 Re4 28. Nc2 Rxe2 29. Qxe2 Re8 30. Qd2 a5 31. Nxd4 cxd4 32. Bf2 Re4 33. Kg1 Qe7 34. Bxd4 Re2 35. Qd3 Re1+ 36. Rxe1 Qxe1+ 37. Qf1 Qxf1+ 38. Kxf1 Nc8 39. Ke2 Ke6 40. Kd3 Kd6 41. Be5+ Kc6 42. Bf6 Nd6 43. Kd4 Nb7 44. Ke5 Nc5 45. Kd4 a4 46. bxa4 Nxa4 47. Be7 Nc3 48. Bxb4 Nxa2 49. Ba3 Kb6 50. Kd3 Ka5 51. c5 Ka4 52. c6 Kxa3 53. c7 Nb4+ 54. Kc4 Nc6 55. c8=Q Na5+ 56. Kb5 Nb3 57. Qc3 Ka2 58. Kb4 1-0

[Event "3.Città di Padova Op.B, Elo<1900"]
[Site "Padova Ex Fornace Carotta"]
[Date "2000.12.10"]
[Round "5.18"]
[White "Velluti, Alberto"]
[Black "Menegollo, Carlo"]
[Result "0-1"]
[WhiteElo "1630"]
[BlackElo "1500"]
[Annotator "Gabriele Ballarin"]
[PlyCount "52"]
[EventDate "2000.12.02"]
[EventType "swiss"]
[EventRounds "6"]
[EventCountry "ITA"]

1. d4 Nf6 2. c4 g6 3. Nc3 d6 4. e4 h6 5. Bd3 Bg7 6. Nf3 Bg4 7. h3 Bxf3 8. Qxf3 Nc6 9. Be3 Nh7 10. Ne2 e5 11. d5 Ne7 12. Ng3 O-O 13. Rc1 c5 14. O-O Kh8 15. a3 Ng8 16. b4 b6 17. bxc5 bxc5 18. Rb1 Qe7 19. a4 Rab8 20. a5 a6 21. Bd2 Qc7 22. Rfc1 Bf6 23. Bxh6 Nxh6 24. Ra1 Bg5 25. Rc2 Bf4 26. Ne2 Ng5 0-1

[Event "3.Città di Padova Op.B, Elo<1900"]
[Site "Padova Ex Fornace Carotta"]
[Date "2000.12.10"]
[Round "5.19"]
[White "Muzhaqi, Halit"]
[Black "Quaranta, Gaetano"]
[Result "1-0"]
[WhiteElo "1500"]
[BlackElo "1609"]
[Annotator "Gabriele Ballarin"]
[PlyCount "90"]
[EventDate "2000.12.02"]
[EventType "swiss"]
[EventRounds "6"]
[EventCountry "ITA"]

1. e4 e5 2. Nf3 Nc6 3. Bb5 a6 4. Ba4 Nf6 5. O-O Be7 6. Nc3 b5 7. Bb3 O-O 8. a3 d6 9. d4 Bg4 10. Be3 exd4 11. Bxd4 Bxf3 12. gxf3 Nxd4 13. Qxd4 c5 14. Qe3 c4 15. Ba2 Re8 16. Ne2 Bf8 17. Rad1 d5 18. c3 Qc7 19. Bb1 Bc5 20. Nd4 Re5 21. Rfe1 dxe4 22. fxe4 Ng4 23. Qf4 h6 24. f3 Nf6 25. Kh1 Bd6 26. Rg1 Rg5 27. Qd2 Bf4 28. Qf2 Rh5 29. Rg2 Rh3 30. Ne2 Bd6 31. f4 Bc5 32. Nd4 Qd7 33. e5 Ng4 34. Qe2 Ne3 35. Rxg7+ Kxg7 36. Nf5+ Nxf5 37. Qg4+ Kf8 38. Rxd7 Ng3+ 39. Kg2 Nh5 40. Kxh3 Ng7 41. Be4 Re8 42. Bd5 Be7 43. f5 h5 44. Qf3 f6 45. exf6 Bxf6 1-0

[Event "3.Città di Padova Op.B, Elo<1900"]
[Site "Padova Ex Fornace Carotta"]
[Date "2000.12.10"]
[Round "5.20"]
[White "Lucisano, Pierbasilio"]
[Black "Forapan, Fabio"]
[Result "0-1"]
[WhiteElo "1485"]
[BlackElo "1606"]
[Annotator "Gabriele Ballarin"]
[PlyCount "108"]
[EventDate "2000.12.02"]
[EventType "swiss"]
[EventRounds "6"]
[EventCountry "ITA"]

1. e4 d6 2. d4 Nf6 3. Bd3 g6 4. Ne2 Bg7 5. c3 c6 6. O-O O-O 7. Bg5 Qc7 8. Qd2 e5 9. dxe5 dxe5 10. Na3 Rd8 11. f3 Be6 12. Rad1 Nbd7 13. Nc1 Nc5 14. Qe2 b5 15. Be3 Nb7 16. Bc2 Rd6 17. Rxd6 Nxd6 18. Bb3 Bc8 19. Nd3 Qe7 20. Rd1 a5 21. Bc5 Nd7 22. Qe3 a4 23. Bc2 Qe6 24. Nb4 Nb7 25. Bb6 Bf8 26. Kf1 c5 27. Nxb5 Qxb6 28. Nd5 Qxb5+ 29. Kg1 Qc6 30. Qg5 c4 31. h4 h6 32. Qg3 Nf6 33. Qxe5 Nxd5 34. exd5 Qd6 35. Qe2 Bd7 36. Qxc4 Qc5+ 37. Qxc5 Nxc5 38. c4 Rb8 39. b3 axb3 40. axb3 Bf5 41. Bxf5 gxf5 42. d6 Nxb3 43. d7 Rd8 44. Rd5 Nc5 45. Rxf5 Rxd7 46. g4 Rd4 47. f4 Rxc4 48. Kf2 Ne6 49. Kg3 Nxf4 50. g5 Ne2+ 51. Kf2 Rf4+ 52. Rxf4 Nxf4 53. gxh6 Bxh6 54. Kf3 f5 0-1

[Event "3.Città di Padova Op.B, Elo<1900"]
[Site "Padova Ex Fornace Carotta"]
[Date "2000.12.10"]
[Round "5.21"]
[White "Moschini, Costantino"]
[Black "Solinas, Roberto"]
[Result "0-1"]
[WhiteElo "1465"]
[BlackElo "1606"]
[Annotator "Gabriele Ballarin"]
[PlyCount "96"]
[EventDate "2000.12.02"]
[EventType "swiss"]
[EventRounds "6"]
[EventCountry "ITA"]

1. d4 Nf6 2. Nf3 d5 3. Nbd2 Bf5 4. e3 Nbd7 5. Nh4 Bg6 6. Nxg6 hxg6 7. Bd3 e5 8. O-O e4 9. Bb5 c6 10. Ba4 Bd6 11. h3 Qe7 12. c4 O-O-O 13. cxd5 cxd5 14. Qc2+ Kb8 15. Nb3 Rc8 16. Qe2 Nb6 17. Bb5 Nfd7 18. a4 Qg5 19. Qg4 Qxg4 20. hxg4 Nf6 21. f3 Bg3 22. Nc5 Rh7 23. Rd1 Rch8 24. Kf1 Rh1+ 25. Ke2 Rxd1 26. Kxd1 Rh2 27. Bf1 Rh1 28. Ke2 g5 29. b3 Nbd7 30. Nxd7+ Nxd7 31. Bd2 Bd6 32. Kf2 a6 33. Rc1 Rh8 34. a5 g6 35. b4 Rc8 36. Rxc8+ Kxc8 37. g3 exf3 38. Kxf3 Nf6 39. Bd3 Kd7 40. e4 dxe4+ 41. Bxe4 Nxe4 42. Kxe4 Bxg3 43. Bxg5 Be1 44. Kd3 Bxb4 45. Bd2 Bxd2 46. Kxd2 f6 47. Ke3 Kd6 48. Kf4 f5 0-1

[Event "3.Città di Padova Op.B, Elo<1900"]
[Site "Padova Ex Fornace Carotta"]
[Date "2000.12.10"]
[Round "5.22"]
[White "Pavon, Michele"]
[Black "Quaranta, Cristiano"]
[Result "1-0"]
[WhiteElo "1603"]
[BlackElo "1468"]
[Annotator "Gabriele Ballarin"]
[PlyCount "57"]
[EventDate "2000.12.02"]
[EventType "swiss"]
[EventRounds "6"]
[EventCountry "ITA"]

1. e4 c5 2. Nf3 e6 3. d4 cxd4 4. Nxd4 a6 5. c4 Nf6 6. Nc3 Qc7 7. Bd3 Nc6 8. Nxc6 dxc6 9. Be3 c5 10. O-O b6 11. f4 Bb7 12. e5 Nd7 13. Be4 O-O-O 14. Qf3 h5 15. a4 g5 16. Rfd1 g4 17. Bxb7+ Qxb7 18. Qxb7+ Kxb7 19. a5 Be7 20. Ne4 Nb8 21. axb6 Kxb6 22. b4 Nd7 23. bxc5+ Nxc5 24. Rdb1+ Kc6 25. Bxc5 Bxc5+ 26. Nxc5 Kxc5 27. Rxa6 Kxc4 28. Ra7 Rh7 29. Rc7+ 1-0

[Event "3.Città di Padova Op.B, Elo<1900"]
[Site "Padova Ex Fornace Carotta"]
[Date "2000.12.10"]
[Round "5.23"]
[White "Zannol, Roberto"]
[Black "Goi, Veronika"]
[Result "0-1"]
[WhiteElo "1500"]
[BlackElo "1633"]
[Annotator "Gabriele Ballarin"]
[PlyCount "72"]
[EventDate "2000.12.02"]
[EventType "swiss"]
[EventRounds "6"]
[EventCountry "ITA"]

1. e4 e6 2. d4 d5 3. e5 c5 4. c3 Nc6 5. Nf3 Qb6 6. Bd3 Bd7 7. O-O Be7 8. Re1 cxd4 9. cxd4 Nxd4 10. Nxd4 Qxd4 11. Nc3 a6 12. Qe2 Bb4 13. Bd2 Ne7 14. Kh1 Ng6 15. Qe3 Qxe3 16. Rxe3 d4 17. Re4 dxc3 18. bxc3 Be7 19. f4 Bc6 20. Re2 Rd8 21. Bc2 Nh4 22. Rd1 Bc5 23. Be1 Rxd1 24. Bxd1 Nf5 25. Bf2 Ba3 26. Bb6 Bc1 27. Rf2 Ne3 28. Bf3 Bxf3 29. Rxf3 Nd5 30. Bd4 Nxf4 31. Rf1 Ne2 32. Bc5 Bg5 33. Rb1 b5 34. Rb2 Nxc3 35. Rc2 Ne4 36. Bd6 Kd7 0-1

[Event "3.Città di Padova Op.B, Elo<1900"]
[Site "Padova Ex Fornace Carotta"]
[Date "2000.12.10"]
[Round "5.24"]
[White "Sanavio, Giancarlo"]
[Black "Marson, Antonio"]
[Result "1/2-1/2"]
[WhiteElo "1561"]
[BlackElo "1525"]
[Annotator "Gabriele Ballarin"]
[PlyCount "70"]
[EventDate "2000.12.02"]
[EventType "swiss"]
[EventRounds "6"]
[EventCountry "ITA"]

1. Nf3 d5 2. b3 c6 3. Bb2 Bf5 4. g3 e6 5. Bg2 Nd7 6. O-O Ngf6 7. d3 Be7 8. Nbd2 O-O 9. c4 Bg6 10. Rc1 Rc8 11. d4 b6 12. Nh4 Re8 13. Nxg6 hxg6 14. e4 dxe4 15. Nxe4 Nxe4 16. Bxe4 Nf6 17. Bg2 Rc7 18. Qe2 Qc8 19. Rfd1 Rd8 20. Rd3 Rcd7 21. Rcd1 Bf8 22. a3 Qc7 23. b4 a6 24. g4 a5 25. g5 Ne8 26. bxa5 bxa5 27. Rh3 Bc5 28. Qg4 Qb6 29. Qh4 Kf8 30. Bc3 Bxd4 31. c5 Bxf2+ 32. Qxf2 Rxd1+ 33. Bf1 Rxf1+ 34. Kxf1 Qb1+ 35. Kg2 Qf5 1/2-1/2

[Event "3.Città di Padova Op.B, Elo<1900"]
[Site "Padova Ex Fornace Carotta"]
[Date "2000.12.10"]
[Round "5.25"]
[White "Baracchi, Leonardo"]
[Black "Trimboli, Carlo"]
[Result "1/2-1/2"]
[WhiteElo "1500"]
[BlackElo "1500"]
[Annotator "Gabriele Ballarin"]
[PlyCount "66"]
[EventDate "2000.12.02"]
[EventType "swiss"]
[EventRounds "6"]
[EventCountry "ITA"]

1. e4 c6 2. d4 d5 3. Nc3 g6 4. Bd3 dxe4 5. Bxe4 Bg7 6. Nge2 Nf6 7. Bf3 O-O 8. O-O Re8 9. Ng3 Nbd7 10. Nce2 Nb6 11. c3 Be6 12. Bg5 Nfd5 13. Qc1 f6 14. Bh6 Bf7 15. Bxg7 Kxg7 16. Ne4 Nd7 17. N2g3 Rg8 18. Qd2 Qc7 19. Rfe1 Nf4 20. Ne2 Nxe2+ 21. Bxe2 Bd5 22. Ng3 b5 23. Bd3 Nf8 24. Qc2 Kf7 25. c4 bxc4 26. Bxc4 e6 27. Bxd5 exd5 28. Rac1 Rc8 29. b4 Ne6 30. Qc3 Qf4 31. Ne2 Qg5 32. Qa3 Rc7 33. Rc3 Qd2 1/2-1/2

[Event "3.Città di Padova Op.B, Elo<1900"]
[Site "Padova Ex Fornace Carotta"]
[Date "2000.12.10"]
[Round "5.26"]
[White "Broccardo, Nicola"]
[Black "Musiani, Carlo"]
[Result "0-1"]
[WhiteElo "1537"]
[BlackElo "1458"]
[Annotator "Gabriele Ballarin"]
[PlyCount "112"]
[EventDate "2000.12.02"]
[EventType "swiss"]
[EventRounds "6"]
[EventCountry "ITA"]

1. c4 e5 2. b3 Nf6 3. Bb2 d6 4. g3 Be7 5. Bg2 c6 6. e3 Bg4 7. Ne2 Nbd7 8. Nbc3 d5 9. cxd5 cxd5 10. Nxd5 Nxd5 11. Bxd5 Rb8 12. h3 Nc5 13. O-O Bxh3 14. Bg2 Bxg2 15. Kxg2 Qd5+ 16. f3 Rd8 17. d4 exd4 18. Bxd4 Qg5 19. Qc2 b6 20. Rad1 O-O 21. Rh1 h6 22. Nf4 Ne6 23. Nxe6 fxe6 24. Qc4 Qf5 25. Rdf1 Rc8 26. e4 Rxc4 27. exf5 Rxd4 28. fxe6 Rd2+ 29. Rf2 Rxf2+ 30. Kxf2 Bc5+ 31. Kg2 Re8 32. Re1 Kf8 33. f4 Ke7 34. f5 Kf6 35. g4 g6 36. Rf1 Re7 37. Kh3 gxf5 38. gxf5 Be3 39. Rf3 Bg5 40. Kg4 Re8 41. Rd3 Re7 42. Rd8 Rg7 43. Rf8+ Ke7 44. Ra8 Kd6 45. Rd8+ Bxd8+ 46. Kh5 Rg5+ 47. Kxh6 Rxf5 48. Kg6 Kxe6 49. Kg7 Rf6 50. a4 a5 51. Kg8 Rf7 52. Kh8 Kf6 53. Kg8 Kg6 54. b4 axb4 55. a5 bxa5 56. Kh8 Rf8# 0-1

[Event "3.Città di Padova Op.B, Elo<1900"]
[Site "Padova Ex Fornace Carotta"]
[Date "2000.12.10"]
[Round "5.27"]
[White "Sedani, Elisa"]
[Black "Borgato, Alessandro"]
[Result "0-1"]
[WhiteElo "1533"]
[BlackElo "1600"]
[Annotator "Gabriele Ballarin"]
[PlyCount "78"]
[EventDate "2000.12.02"]
[EventType "swiss"]
[EventRounds "6"]
[EventCountry "ITA"]

1. e4 e5 2. Nf3 Nc6 3. d4 exd4 4. Bc4 Nf6 5. O-O Nxe4 6. Re1 d5 7. Bxd5 Qxd5 8. Nc3 Qa5 9. Nxe4 Be7 10. Bd2 Qb5 11. b4 Bg4 12. h3 Bxf3 13. Qxf3 O-O 14. Qg3 Ne5 15. Nc5 Ng6 16. Nd3 Rfe8 17. a4 Qc6 18. Rec1 Bh4 19. Qg4 Qe6 20. Qxd4 Bf6 21. Qe3 Bxa1 22. Qxe6 Rxe6 23. Rxa1 Re2 24. Rd1 Rd8 25. Kf1 Re6 26. Nc5 Red6 27. Ke1 Re8+ 28. Kf1 b6 29. Nd3 Rc6 30. Rc1 Ne5 31. Re1 Rce6 32. Nf4 Nc4 33. Nxe6 Nxd2+ 34. Ke2 Rxe6+ 35. Kxd2 Rxe1 36. Kxe1 Kf8 37. Kd2 Ke7 38. Ke3 Ke6 39. Ke4 f5+ 0-1